UM Logo

Exploring safety of food truck products in a developed country / (Record no. 23144)

MARC details
000 -LEADER
fixed length control field 01023nam a22002417a 4500
005 - DATE AND TIME OF LATEST TRANSACTION
control field 20251210201313.0
008 - FIXED-LENGTH DATA ELEMENTS--GENERAL INFORMATION
fixed length control field 241111b |||||||| |||| 00| 0 eng d
082 ## - DEWEY DECIMAL CLASSIFICATION NUMBER
Classification number DPer 647.94068 In821 August-October 2019 v. 81-83
100 ## - MAIN ENTRY--PERSONAL NAME
Personal name Okumus, Bendegul.
Relator term author.
9 (RLIN) 63909
245 ## - TITLE STATEMENT
Title Exploring safety of food truck products in a developed country /
Statement of responsibility, etc. Bendegul Okumus, Sevil Sonmez, Sean Moore, Daniel P. Auvil, and Griffith D. Parks.
260 ## - PUBLICATION, DISTRIBUTION, ETC. (IMPRINT)
Place of publication, distribution, etc. Amsterdam ;
Name of publisher, distributor, etc. Elsevier,
Date of publication, distribution, etc. August 2019.
300 ## - PHYSICAL DESCRIPTION
Extent Volume 66, pages 150-158 :
Other physical details illustration ;
Dimensions 28 cm.
500 ## - GENERAL NOTE
General note International Journal of Hospitality Management, vol. 81, pages 150-158, August 2019.
650 #0 - SUBJECT ADDED ENTRY--TOPICAL TERM
Topical term or geographic name as entry element Food safety risks.
9 (RLIN) 66549
650 #0 - SUBJECT ADDED ENTRY--TOPICAL TERM
Topical term or geographic name as entry element Food trucks.
9 (RLIN) 66550
650 #0 - SUBJECT ADDED ENTRY--TOPICAL TERM
Topical term or geographic name as entry element Street food.
9 (RLIN) 66551
700 ## - ADDED ENTRY--PERSONAL NAME
Personal name Okumus, Bendegul.
Relator term author.
9 (RLIN) 59584
700 ## - ADDED ENTRY--PERSONAL NAME
Personal name Sonmez, Sevil.
Relator term author.
9 (RLIN) 66545
700 ## - ADDED ENTRY--PERSONAL NAME
Personal name Moore, Sean.
Relator term author.
9 (RLIN) 66546
700 ## - ADDED ENTRY--PERSONAL NAME
Personal name Auvil, Daniel P.
Relator term author.
9 (RLIN) 66547
700 ## - ADDED ENTRY--PERSONAL NAME
Personal name Parks, Griffith D.
Relator term author.
9 (RLIN) 66548
942 ## - ADDED ENTRY ELEMENTS (KOHA)
Source of classification or shelving scheme Dewey Decimal Classification
Koha item type Periodicals
Holdings
Withdrawn status Lost status Source of classification or shelving scheme Damaged status Not for loan Collection code Home library Current library Date acquired Total Checkouts Full call number Date last seen Price effective from Koha item type Public note
    Dewey Decimal Classification     Periodicals UM Digos College - LIC UM Digos College - LIC 11/11/2024   DPer647.94068 August-October 2019 v. 81-83 11/11/2024 11/11/2024 Periodicals Periodical Article